00834 2200301 4500001002100000005001500021035002000036007000300056008004100059040001700100100002300117245007500140250001100215300004200226020002200268041000800290082000800298084001500306090002000321260003100341600002500372700002500397850001000422990002500432990002500457990002500482990002500507INLIS00000000000249320260602080137 a0010-0220000344ta260602 0  aSBPUPADbind0 aMukhlisisn Purnomo1 aSejarah Kitab - Kitab Suci /cMukhlisisn Purnomo, Penyunting: Supriadi aCet. 1 ax, 352 hlm.eBibliografi, hlm 353-362 a978-602-310-004-0 bind a900 a900 MUK s a900 MUK s 25-1 aYogyakarta :bForum,c2017 4aGeografi dan Sejarah aPenyunting: Supriadi aPUPAD a31.918/APBD/DPK/2019 a31.919/APBD/DPK/2019 a31.920/APBD/DPK/2019 a31.917/APBD/DPK/2019